000 00680nam a2200289Ia 4500
008 160525s9999||||xx |||||||||||||| ||und||
040 _cEnglish
082 _aXV.G/Shankaracharya
082 _bBORI-88067
100 _aW. R. Antarkar
245 _aDate of Sankaracarya
260 _aMumbai
260 _bVeda Sastra Pandit Raksha Sabha
260 _c2003
300 _a57
300 _cF
300 _ePaperback
530 _u00088067.pdf
563 _aRef
600 _aW. R. Antarkar
630 _aDate of Sankaracarya
650 _aBiography
650 _aReference
700 _aW. R. Antarkar
730 _aDate of Sankaracarya
942 _cBOOK
999 _c1384497
_d1384494